000
00315nam a22001337a 4500
008
190305b xxu||||| |||| 00| 0 eng d
020
_a
9780822559160
041
_a
eng
080
_a
721
100
_a
41
101
_a
ARK
245
_a
Building a New Central Library. A Library Story
_c
Vogel, J
942
_2
udc
_c
BK
999
_c
54463
_d
54463